Electricity and basic electronics / (Record no. 179166)
[ view plain ]
| 000 -LEADER | |
|---|---|
| fixed length control field | 01131 a2200205 4500 |
| 003 - CONTROL NUMBER IDENTIFIER | |
| control field | Nust |
| 005 - DATE AND TIME OF LATEST TRANSACTION | |
| control field | 20221025100442.0 |
| 010 ## - LIBRARY OF CONGRESS CONTROL NUMBER | |
| LC control number | 76052493 |
| 020 ## - INTERNATIONAL STANDARD BOOK NUMBER | |
| International Standard Book Number | 0870062298 |
| 040 ## - CATALOGING SOURCE | |
| Transcribing agency | Nust |
| 082 00 - DEWEY DECIMAL CLASSIFICATION NUMBER | |
| Classification number | 621.3,MAT |
| 100 1# - MAIN ENTRY--PERSONAL NAME | |
| Personal name | Matt, Stephen R. |
| 9 (RLIN) | 101333 |
| 245 10 - TITLE STATEMENT | |
| Title | Electricity and basic electronics / |
| Statement of responsibility, etc. | Stephen R. Matt. |
| 260 ## - PUBLICATION, DISTRIBUTION, ETC. | |
| Place of publication, distribution, etc. | South Holland, Ill. : |
| Name of publisher, distributor, etc. | Goodheart-Willcox Co., |
| Date of publication, distribution, etc. | c1989. |
| 300 ## - PHYSICAL DESCRIPTION | |
| Extent | 320 p. : |
| Other physical details | ill. ; |
| Dimensions | 27 cm. |
| 505 ## - FORMATTED CONTENTS NOTE | |
| Formatted contents note | Learning and Applying The Fundamentals (Page-7), Sources of Electricity (Page-17), Conductors and Insulators (Page-35), Resistors and Capacitors (Page-52), Ohms Law(Page-84), Series Circuits (Page-84), Parallel circuits (Page-96), Meters (Page-107), Series Parallel Circuits (Page-126), Ac Voltage (Page-144), Electromagnetic Indication (Page-156), Motors (Page-170), Inductive Reactance and Impedance (Page-182), LCR Circuits (Page-195), Filters (Page-205), Diodes (Page-214), Transistors (Page-228), Integrated Circuits (Page-244), Power Supplies (Page-261), Career opportunities (Page-278). |
| 650 #0 - SUBJECT ADDED ENTRY--TOPICAL TERM | |
| Topical term or geographic name entry element | Electrical engineering. |
| 650 #0 - SUBJECT ADDED ENTRY--TOPICAL TERM | |
| Topical term or geographic name entry element | Electronics. |
| 942 ## - ADDED ENTRY ELEMENTS (KOHA) | |
| Source of classification or shelving scheme | |
| Koha item type | Book |
| Withdrawn status | Lost status | Source of classification or shelving scheme | Damaged status | Not for loan | Permanent Location | Current Location | Shelving location | Date acquired | Full call number | Barcode | Date last seen | Price effective from | Koha item type | Public note |
|---|---|---|---|---|---|---|---|---|---|---|---|---|---|---|
| Military College of Signals (MCS) | Military College of Signals (MCS) | General Stacks | 12/12/2016 | 621.3,MAT | MCS5421 | 12/08/2016 | 12/12/2016 | Book | Almirah No.28, Shelf No.3 | |||||
| Military College of Signals (MCS) | Military College of Signals (MCS) | General Stacks | 12/12/2016 | 621.3,MAT | MCS5700 | 12/08/2016 | 12/12/2016 | Book | Almirah No.28, Shelf No.3 |
